Bolivia's new Constitution: towards participatory democracy and political pluralism? /
La nueva constitución de 2009 define a Bolivia como una representativa, participativa y democrática comunidad política. El artículo plante la cuestión de si la nueva constitución cambiaría las relaciones entre el Estado y la sociedad civil considerablemente y si el nuevo modelo democrático está sien...
Enregistré dans:
| Auteur principal: | |
|---|---|
| Format: | Texte |
| Sujets: | |
| Tags: |
Ajouter un tag
Pas de tags, Soyez le premier à ajouter un tag!
|
MARC
| LEADER | 00000 a a2200000 04500 | ||
|---|---|---|---|
| 001 | 43826 | ||
| 003 | |||
| 040 | |||
| 100 | |a Schilling-Vacaflor, Almut | ||
| 245 | |a Bolivia's new Constitution: |b towards participatory democracy and political pluralism? / |c Almut Schilling-Vacaflor | ||
| 500 | |a schilling@giga-hamburg.de | ||
| 520 | |a La nueva constitución de 2009 define a Bolivia como una representativa, participativa y democrática comunidad política. El artículo plante la cuestión de si la nueva constitución cambiaría las relaciones entre el Estado y la sociedad civil considerablemente y si el nuevo modelo democrático está siendo efectivamente implementado en Bolivia. Se analizan distintos factores que limitan la posibilidad de llevar a la práctica los elementos democráticos establecidos en la constitución. | ||
| 590 | |a RRH/SETIEMBRE2013 | ||
| 650 | |a 1.DEMOCRACIA | ||
| 650 | |a 2.CONSTITUCION | ||
| 650 | |a 3.POLITICA | ||
| 650 | |a 4.PARTICIPACION CIUDADANA | ||
| 650 | |a 5.PLURALISMO | ||
| 650 | |a 6.DERECHOS HUMANOS | ||
| 650 | |a 7.BOLIVIA | ||
| 773 | |g número90 ( , 2011), páginas 3-22 | ||
| 999 | |c 29933 |d 29933 | ||
